|
|
|
|
| LEADER |
01113cam a2200277 7i4500 |
| 001 |
0000080192 |
| 005 |
20231023090000.0 |
| 020 |
|
|
|a 9783031256783 (electronic book)
|
| 090 |
0 |
0 |
|a TD799.85
|b .M53 2023
|
| 245 |
0 |
0 |
|a Microbial technology for sustainable e-Waste management
|c Prasenjit Debbarma [and three others].
|
| 264 |
|
|
|a Cham:
|b Springer,
|c 2023.
|
| 300 |
|
|
|a 1 online resource (349 pages):
|b text file, PDF.
|
| 336 |
|
|
|a text
|2 rdacontent
|
| 337 |
|
|
|a computer
|2 rdamedia
|
| 338 |
|
|
|a online resource
|2 rdacarrier
|
| 650 |
|
0 |
|a Electronic waste --
|x Environmental aspects
|
| 650 |
|
0 |
|a Electronic waste --
|x Management
|
| 650 |
|
0 |
|a Microorganisms --
|x Effect of metals on
|
| 650 |
|
0 |
|a Bioremediation --
|x Technological innovations
|
| 655 |
|
0 |
|a Electronic books
|
| 700 |
1 |
|
|a Debbarma, Prasenjit
|
| 856 |
4 |
2 |
|u http://library.unisel.edu.my/web/guest/mylibrary
|
| 997 |
|
|
|a Engineering & Life Sciences, Faculty
|b Engineering, Department
|
| 998 |
|
|
|a Electrical & Electronic Engineering, Diploma
|
| 998 |
|
|
|a Electronics Engineering, Degree
|
| 999 |
|
|
|a EBO0022309
|b EBOOK
|c EBOOK
|e Electronic resources
|